000 00501nam a2200181Ia 4500
008 151018s9999 xx 000 0 und d
082 _bRBASDV41431
_a891.433
100 _aकुश्नचंदर
245 _aअन्नदाता
250 _b1
260 _bनवदीप
_c2006
300 _a160
600 _aकुश्नचंदर
630 _aअन्नदाता
700 _aकुश्नचंदर
730 _aअन्नदाता
942 _cBOOK
999 _c1040698
_d1040695